| 000 | 00683nam a22002295i 4500 | ||
|---|---|---|---|
| 001 | 176921 | ||
| 003 | ES-MaACL | ||
| 005 | 20240209181325.0 | ||
| 008 | 110218s1971 sp a |||| | spa d | ||
| 080 | _a159.947.5 | ||
| 100 | 1 |
_aGraumann, Carl F. _9145274 |
|
| 245 | 1 | 0 |
_aMotivación / _cC. F. Graumann. |
| 260 |
_aMadrid : _bMorata, _cD. L. 1971. |
||
| 300 |
_a183 p. : _bil. bl. y n. ; _c25 cm. |
||
| 490 | 1 |
_aFundamentos de Psicología ; _v1 |
|
| 500 | _aÍndice. | ||
| 504 | _aBibliografía: p.157-170. | ||
| 650 | 0 | 4 |
_aMotivación. _915202 |
| 830 | 0 |
_aFundamentos de psicología _v1 _9190304 |
|
| 852 |
_aES-MaACL _jE-14361 _xOlim P-1665 |
||
| 999 |
_c176921 _d176921 |
||